Bercinta ok ataupun ko?
| Main Author: | |
|---|---|
| Format: | Book |
| Published: |
Selangor :
PTS Millennia ,
2007
|
| Subjects: |
MARC
| LEADER | 00000cam a2200000 7i4500 | ||
|---|---|---|---|
| 001 | 0000029924 | ||
| 005 | 20100825.0 | ||
| 008 | 100825 | ||
| 020 | |a 9833603688 | ||
| 090 | 0 | 0 | |a 297.5677 |b RAB |
| 100 | 0 | |a Rabi'atul Adawiyah | |
| 245 | 0 | 0 | |a Bercinta ok ataupun ko? |c Rabi'atul Adawiyah |
| 260 | |a Selangor : |b PTS Millennia , |c 2007 | ||
| 650 | 0 | |a Courtship | |
| 650 | 0 | |a Love | |
| 650 | 0 | |a Man-woman realationships | |
| 999 | |a 0001052920 |b Book |c Adult Collection |e Cawangan Mersing | ||
| 999 | |a 0001076128 |b Book |c Adult Collection |e Perbadanan Perpustakaan Awam Johor | ||